000 00706nam a2200253Ia 4500
003 OSt
005 20220918165946.0
006 a|||||r|||| 00| 0
007 ta
008 220917b |||||||| |||| 00| 0 eng d
020 _a8185475555
024 _a33,141
037 _cTextual
040 _aARTS
_cARTS
_beng
041 _2eng
_aeng
082 _aO111,3N37:g, N2
100 _aSolanki Mrinalini
_926409
245 0 _aAnita Desai's fiction
_b pattersn of survival strategies
260 _aDelhi
_bKanishka Pun India
_c1992
300 _avii,220p.
_ccm.
650 _aENGLISH LITERATURE
942 _hO111,3N37:g, N2
_cTEXL
_2CC
999 _c131988
_d131988